01044nam a2200301Ic 450000100060000000300100000600500170001600700030003300800410003602000180007704000350009504100080013008200160013810000380015424501510019225000220034326400410036530000700040633600270047633700330050333800280053652100380056453400260060265000240062865000400065265000290069270000210072158488CO-BoRNBP20250822224212.0ta180815s2016 sp a g 000 0 spa  a9788499928715 aCO-BoRNBPbspaerdacCO-BoRNBP aspa04a303.4bD31a1 aDiamond, Jared Mason,d1937-eaut10aArmas, gérmenes y acero :bbreve historia de la humanidad en los últimos trece mil años /cJared Diamont ; traducción de Fabián Chueca. aSegunda edición 1aBarcelona, España :bDebate,c2016 a603 páginas :bilustraciones a blanco y negro, mapas, láminas atextobtxt2rdacontent asin mediaciónbn2rdamedia avolumenbnc2rdacarrier aRecomendado para público adulto tGuns, germs and steel07aCambio social2lemb07aHistoria de la civilización2LEMB07aEvolución social2lemb aChueca, Fabián